000 01285cam a22003614a 4500
001 13120531
003 OSt
005 20260106121355.0
008 030312s2004 njua b 001 0 eng
010 _a
020 _a0137842244
020 _a9780137842247
035 _a13120531
040 _aDLC
_cDLC
_dDLC
042 _apcc
050 0 0 _aTA157
_b.F525 1999
082 0 0 _a174/.962
_221
100 1 _aFleddermann, Charles B.
_q(Charles Byrns),
_d1956-
245 1 0 _aEngineering ethics /
_cCharles B. Fleddermann.
260 _aUpper Saddle River, N.J. :
_bPrentice-Hall Inc.
_c1999
300 _axv, 135 p. :
_bill. ;
_c26 cm.
336 _atext
_btxt
_2rdacontent
337 _aunmediated
_bn
_2rdamedia
338 _avolume
_bnc
_2rdacarrier
490 1 _aThe Prentice Hall engineering source
504 _aIncludes bibliographical references and index.
650 0 _aEngineering ethics.
830 0 _aESource--the Prentice Hall engineering source
906 _a7
_bcbc
_corignew
_d1
_eocip
_f20
_gy-gencatlg
942 _2lcc
_cBK
999 _c265582
_d265581